000
00318nam a22001337a 4500
008
171011b xxu||||| |||| 00| 0 eng d
020
_a
2901412987614
041
_a
eng
080
_2
2 ED
_a
316
100
_a
50
101
_a
SOC
245
_a
SOCIOLOGICAL THEORY IN THE CONTEMPORARY
_c
LAURA.S
942
_2
udc
_c
BK
999
_c
33098
_d
33098